[Event "27.Schlosspark-Open"]
[Site "Wiesbaden-Biebrich"]
[Date "2015.08.30"]
[Round "6.28"]
[White "Siegismund, Florian"]
[Black "Feicht, Arno"]
[Result "0-1"]
[WhiteElo "1869"]
[BlackElo "2057"]
[PlyCount "66"]
[EventDate "2015.??.??"]
[WhiteTeam "SK Bad Schwalbach"]
[BlackTeam "SC Butzbach"]

1. d4 f5 2. c4 Nf6 3. Nc3 e6 4. g3 Bb4 5. a3 Bxc3+ 6. bxc3 O-O 7. Bg2 d6 8. Rb1
Nbd7 9. Nf3 Qe8 10. O-O e5 11. Nd2 e4 12. e3 Nb6 13. f3 exf3 14. Qxf3 Bd7 15.
e4 fxe4 16. Nxe4 Qg6 17. Bf4 Nxe4 18. Qxe4 Bf5 19. Qe1 Rae8 20. Qd1 Bd3 21. c5
dxc5 22. dxc5 Bxf1 23. Qxf1 Nd7 24. Rxb7 Nf6 25. Rxa7 Nh5 26. Rxc7 Nxf4 27.
gxf4 Qg4 28. Kh1 Qh4 29. Qg1 Re1 30. Bf1 g6 31. Qd4 Rxf1+ 32. Kg2 Qg4+ 33. Kxf1
Rxf4+ 0-1

[Event "27.Schlosspark-Open"]
[Site "Wiesbaden-Biebrich"]
[Date "2015.08.30"]
[Round "6.29"]
[White "Seickel, Ralf"]
[Black "Launert, Martin"]
[Result "1-0"]
[WhiteElo "2046"]
[BlackElo "1846"]
[PlyCount "141"]
[EventDate "2015.??.??"]
[WhiteTeam "vereinslos"]
[BlackTeam "Sfr. Erbach"]

1. c4 e5 2. g3 c6 3. d4 Bb4+ 4. Bd2 Bxd2+ 5. Qxd2 d6 6. Nc3 Qe7 7. Bg2 Nf6 8.
e4 Nbd7 9. Nge2 a6 10. a4 O-O 11. O-O Re8 12. a5 c5 13. dxe5 dxe5 14. Nd5 Nxd5
15. cxd5 b6 16. axb6 Nxb6 17. Rfc1 Qd6 18. Bf1 Bd7 19. Nc3 c4 20. Nd1 Rec8 21.
Ne3 Bb5 22. Nf5 Qf6 23. Qb4 Nxd5 24. exd5 Qxf5 25. Bxc4 Rab8 26. Bxb5 axb5 27.
Rc6 Rd8 28. d6 h6 29. Qc5 Qe4 30. Rc7 Qd4 31. Qxd4 exd4 32. d7 Kf8 33. Rd1 Ke7
34. Rxd4 Rb6 35. h4 Rd6 36. Re4+ Kf6 37. Rb4 Rb6 38. Rc5 Rxd7 39. Rcxb5 Rbd6
40. Rb6 Ke5 41. Rxd6 Rxd6 42. Rb7 Kf6 43. Kg2 Rd1 44. Rb3 g6 45. Rf3+ Ke6 46.
Re3+ Kf5 47. Kf3 Rb1 48. Re2 h5 49. Ke3 g5 50. hxg5 Kxg5 51. Kd3 h4 52. gxh4+
Kxh4 53. Kc2 Ra1 54. Kc3 Ra2 55. Rd2 Kg4 56. b4 Ra8 57. b5 Rb8 58. Kb4 f5 59.
Kc5 Rc8+ 60. Kb6 Kf3 61. Kb7 Rc4 62. Rb2 f4 63. b6 Kg2 64. Ka6 Ra4+ 65. Kb5 Re4
66. b7 Re8 67. Kb6 f3 68. Ka7 Re7 69. Ka8 Re8+ 70. b8=Q Rxb8+ 71. Kxb8 1-0

[Event "27.Schlosspark-Open"]
[Site "Wiesbaden-Biebrich"]
[Date "2015.08.30"]
[Round "6.30"]
[White "Muuss, Klaus"]
[Black "Ley, Sabrina"]
[Result "1/2-1/2"]
[WhiteElo "2029"]
[BlackElo "1833"]
[PlyCount "120"]
[EventDate "2015.??.??"]
[WhiteTeam "VSF Flintbek"]
[BlackTeam "SV Lahnstein"]

1. e4 c5 2. Nf3 d6 3. d4 cxd4 4. Nxd4 Nf6 5. Nc3 a6 6. Bg5 Nbd7 7. f4 Qc7 8.
Qf3 e6 9. O-O-O Be7 10. Bd3 h6 11. Bh4 b5 12. Rhe1 Bb7 13. Qg3 Nh5 14. Qg4 Nhf6
15. Qe2 Nxe4 16. Nxe4 Bxh4 17. Nxe6 fxe6 18. Qh5+ Kd8 19. Qxh4+ Kc8 20. Qe7
Bxe4 21. Bxe4 d5 22. Bf3 Qxf4+ 23. Kb1 Qf6 24. Rxe6 Qxe7 25. Rxe7 Nb6 26. Bxd5
Nxd5 27. Rxd5 g5 28. b3 Kb8 29. Rde5 Kc8 30. Re8+ Kb7 31. R5e7+ Kc6 32. Rxa8
Rxa8 33. Re6+ Kd5 34. Rxh6 Ke4 35. g4 Kf3 36. h3 Kg3 37. Kb2 Kf4 38. h4 gxh4
39. Rxh4 Kg5 40. Rh7 Kxg4 41. Rf7 Kg5 42. a3 Rc8 43. c3 Re8 44. Rf2 Rc8 45. c4
bxc4 46. Rc2 Kf5 47. Rxc4 Ra8 48. Rd4 Ke5 49. Rd7 Ke6 50. Rd3 a5 51. b4 Rb8 52.
Kb3 axb4 53. axb4 Ke5 54. Rd7 Ke6 55. Rc7 Kd6 56. Rc5 Kd7 57. b5 Rc8 58. Rh5
Kc7 59. Kb4 Kb6 60. Rh6+ Kb7 1/2-1/2

[Event "27.Schlosspark-Open"]
[Site "Wiesbaden-Biebrich"]
[Date "2015.08.30"]
[Round "6.31"]
[White "Weiland, Thomas"]
[Black "Biehl, Tim"]
[Result "0-1"]
[WhiteElo "1832"]
[BlackElo "2013"]
[PlyCount "74"]
[EventDate "2015.??.??"]
[WhiteTeam "SV Oberursel"]
[BlackTeam "SVG Saarbrücken"]

1. c4 e6 2. d4 d5 3. cxd5 exd5 4. Nf3 c6 5. Nc3 Bf5 6. e3 Nf6 7. Be2 Bd6 8. O-O
O-O 9. Bd2 Nbd7 10. Rc1 Ne4 11. Nxe4 dxe4 12. Ne1 Qh4 13. g3 Qh3 14. Kh1 Nf6
15. Rg1 Ng4 16. Bxg4 Bxg4 17. Qc2 Rfe8 18. Bc3 Re6 19. f4 exf3 20. Qf2 Rae8 21.
Bd2 Qh5 22. a3 Rf6 23. b4 Ree6 24. Nd3 Bh3 25. Ne1 Bg4 26. Nd3 g5 27. Ne5 Bxe5
28. dxe5 Rh6 29. Rgf1 Rxe5 30. Bc3 Rxe3 31. Rfd1 Re8 32. Rd2 Bh3 33. Qg1 Bg2+
34. Rxg2 fxg2+ 35. Qxg2 Re2 36. Rd1 Kf8 37. Rd8+ Ke7 0-1

[Event "27.Schlosspark-Open"]
[Site "Wiesbaden-Biebrich"]
[Date "2015.08.30"]
[Round "6.32"]
[White "Pravez, Luca"]
[Black "Cichy, Michael"]
[Result "0-1"]
[WhiteElo "1816"]
[BlackElo "1948"]
[PlyCount "56"]
[EventDate "2015.??.??"]
[WhiteTeam "SSV Bruchsal"]
[BlackTeam "SC BS Gliesmarode"]

1. e4 c5 2. Nc3 e6 3. Nf3 d6 4. d4 cxd4 5. Nxd4 Qc7 6. Bd3 Nc6 7. Nxc6 bxc6 8.
Ne2 d5 9. exd5 cxd5 10. O-O Nf6 11. Bg5 Be7 12. Ng3 O-O 13. Rc1 Qe5 14. Bxf6
Bxf6 15. c3 g6 16. Re1 Qb8 17. Qf3 Bg7 18. b3 a5 19. Ne2 Bb7 20. Qg4 f5 21. Qa4
e5 22. Bb5 Qd6 23. Rcd1 Rfd8 24. Rd3 Kh8 25. Red1 Qc5 26. Kf1 f4 27. Ng1 e4 28.
Rh3 Bc8 0-1

[Event "27.Schlosspark-Open"]
[Site "Wiesbaden-Biebrich"]
[Date "2015.08.30"]
[Round "6.33"]
[White "Wachsmann, Dietmar"]
[Black "Neukirchner, Pascal"]
[Result "1-0"]
[WhiteElo "1811"]
[BlackElo "1932"]
[PlyCount "77"]
[EventDate "2015.??.??"]
[WhiteTeam "SC Groß-Umstadt"]
[BlackTeam "SK Gründau"]

1. e4 c5 2. Nf3 d6 3. d4 cxd4 4. Nxd4 g6 5. Be2 Bg7 6. Be3 Nc6 7. Nc3 Nf6 8. f3
O-O 9. Qd2 Bd7 10. O-O-O Qa5 11. g4 Rfc8 12. h4 Ne5 13. Nb3 Qd8 14. Bh6 Bxh6
15. Qxh6 Rxc3 16. bxc3 Qc7 17. h5 Qxc3 18. hxg6 fxg6 19. Qd2 Qxd2+ 20. Rxd2 Be6
21. Kb2 Bc4 22. g5 Nh5 23. Rxh5 gxh5 24. f4 Bxe2 25. Rxe2 Nc4+ 26. Kc3 Rc8 27.
Kd3 Nb2+ 28. Kd2 Na4 29. Re3 Nc5 30. f5 Kf7 31. Nd4 Rg8 32. Nf3 a6 33. Re2 e6
34. Ke3 exf5 35. exf5 Re8+ 36. Kd2 Ne4+ 37. Kd3 Ng3 38. g6+ Kf8 39. Rxe8+ 1-0

[Event "27.Schlosspark-Open"]
[Site "Wiesbaden-Biebrich"]
[Date "2015.08.30"]
[Round "6.34"]
[White "Achtmann, Armin"]
[Black "Jordake, Michael"]
[Result "1-0"]
[WhiteElo "1928"]
[BlackElo "1820"]
[PlyCount "63"]
[EventDate "2015.??.??"]
[WhiteTeam "TuS Dotzheim"]
[BlackTeam "SC Bergen-Enkheim"]

1. b4 e6 2. Bb2 Nf6 3. b5 b6 4. Nf3 Bb7 5. c4 c5 6. e3 Be7 7. Be2 O-O 8. O-O d5
9. d4 Nbd7 10. Nbd2 Re8 11. a4 a5 12. Re1 Rc8 13. Rc1 Nf8 14. Bd3 Ba8 15. e4
dxe4 16. Nxe4 Nxe4 17. Bxe4 Bxe4 18. Rxe4 Bf6 19. Ne5 Bxe5 20. Rxe5 Nd7 21. Re3
Qf6 22. Ba1 Qe7 23. d5 e5 24. Qe2 Rcd8 25. Re1 f6 26. f4 Rf8 27. fxe5 f5 28.
Rf3 Rde8 29. e6 g6 30. exd7 Qxd7 31. Re3 Rxe3 32. Qxe3 1-0

[Event "27.Schlosspark-Open"]
[Site "Wiesbaden-Biebrich"]
[Date "2015.08.30"]
[Round "6.35"]
[White "Rump, Andreas"]
[Black "Niedenthal, Robert"]
[Result "1-0"]
[WhiteElo "1927"]
[BlackElo "1811"]
[PlyCount "91"]
[EventDate "2015.??.??"]
[WhiteTeam "SG Idstein"]
[BlackTeam "SV Hofheim"]

1. e4 d5 2. exd5 Nf6 3. Nc3 Nxd5 4. d4 Nxc3 5. bxc3 Bf5 6. Qf3 Qc8 7. Bc4 Nc6
8. Ne2 e6 9. Bb5 Qd7 10. O-O Be7 11. Nf4 a6 12. Ba4 b5 13. Bb3 O-O 14. d5 Ne5
15. Qe2 Bd6 16. dxe6 fxe6 17. Rd1 Rae8 18. Qxe5 Bxe5 19. Rxd7 Bd6 20. Rxd6 cxd6
21. Ba3 a5 22. Bxd6 a4 23. Bxf8 Kxf8 24. f3 axb3 25. cxb3 Rd8 26. g4 e5 27.
gxf5 exf4 28. a4 Rd3 29. c4 bxa4 30. bxa4 Rc3 31. a5 Rxc4 32. a6 Rc8 33. a7 Ra8
34. Kf2 Kf7 35. Ke2 Kf6 36. Ra5 g6 37. fxg6 hxg6 38. Kd3 g5 39. Ke4 Re8+ 40.
Kd4 Ra8 41. Kc5 g4 42. fxg4 Kg5 43. Kb6+ Kxg4 44. Kb7 Rxa7+ 45. Kxa7 f3 46. Ra2
1-0

[Event "27.Schlosspark-Open"]
[Site "Wiesbaden-Biebrich"]
[Date "2015.08.30"]
[Round "6.36"]
[White "Kobs, Stephan"]
[Black "Zeyen, Helmut"]
[Result "1/2-1/2"]
[WhiteElo "1920"]
[BlackElo "1811"]
[PlyCount "39"]
[EventDate "2015.??.??"]
[WhiteTeam "Hildesheimer SV"]
[BlackTeam "Wiesbadener SV"]

1. e4 d5 2. exd5 Nf6 3. c4 c6 4. d4 cxd5 5. Nc3 g6 6. Qb3 Bg7 7. cxd5 O-O 8.
Nge2 Na6 9. g3 b6 10. Bg2 Bb7 11. O-O Qd7 12. Nf4 Rfd8 13. Be3 Qd6 14. Nb5 Qb4
15. Qxb4 Nxb4 16. d6 Bxg2 17. dxe7 Bxf1 18. exd8=Q+ Rxd8 19. Kxf1 Nc2 20. Rc1
1/2-1/2

[Event "27.Schlosspark-Open"]
[Site "Wiesbaden-Biebrich"]
[Date "2015.08.30"]
[Round "6.37"]
[White "Björknes, Uwe"]
[Black "Meaubert, Thomas"]
[Result "1/2-1/2"]
[WhiteElo "2079"]
[BlackElo "1801"]
[PlyCount "59"]
[EventDate "2015.??.??"]
[WhiteTeam "vereinlos"]
[BlackTeam "Sfr. Hochheim"]

1. e4 e6 2. d4 d5 3. Nc3 Bb4 4. e5 c5 5. a3 Bxc3+ 6. bxc3 Ne7 7. Nf3 Nbc6 8. a4
Qa5 9. Bd2 Bd7 10. c4 Qc7 11. c3 cxd4 12. cxd5 dxc3 13. dxc6 cxd2+ 14. Qxd2
Bxc6 15. Rc1 Rd8 16. Qb4 Ng6 17. Be2 Nxe5 18. O-O Nxf3+ 19. Bxf3 Qd6 20. Bxc6+
bxc6 21. Qb7 Qd7 22. Qa6 O-O 23. Rxc6 Qd4 24. Rc7 Rd7 25. Rfc1 h6 26. h3 Qb6
27. Qxb6 axb6 28. R7c6 Ra7 29. Rxb6 Rxa4 30. Rb2 1/2-1/2

[Event "27.Schlosspark-Open"]
[Site "Wiesbaden-Biebrich"]
[Date "2015.08.30"]
[Round "6.38"]
[White "Anhalt, Albert"]
[Black "Karsay, Pascal"]
[Result "0-1"]
[WhiteElo "1802"]
[BlackElo "2071"]
[PlyCount "76"]
[EventDate "2015.??.??"]
[WhiteTeam "SG Idstein"]
[BlackTeam "Vorw.Orient Mainz"]

1. e4 c5 2. Nc3 Nc6 3. f4 g6 4. Nf3 Bg7 5. Bb5 Nd4 6. O-O e6 7. a4 a6 8. Bc4
Ne7 9. e5 d5 10. exd6 Qxd6 11. d3 b6 12. Ne4 Qc7 13. c3 Nxf3+ 14. Qxf3 O-O 15.
Qf2 Bb7 16. Bb3 c4 17. Bc2 cxd3 18. Bxd3 Rfd8 19. Bc2 Nf5 20. Ng3 Rd6 21. Nxf5
exf5 22. Be3 Re8 23. Rfe1 Qc6 24. Bd1 Qc7 25. Bf3 Be4 26. Bxe4 fxe4 27. Rad1
Red8 28. Qc2 Rd3 29. Qb3 R8d6 30. g3 h5 31. Kf2 Qc6 32. Rc1 Qd7 33. Qc4 Qf5 34.
Re2 b5 35. axb5 axb5 36. Qb4 Bf8 37. Bc5 e3+ 38. Ke1 Rd1+ 0-1

[Event "27.Schlosspark-Open"]
[Site "Wiesbaden-Biebrich"]
[Date "2015.08.30"]
[Round "6.39"]
[White "Reitz, Philipp"]
[Black "Seidel, Jürgen"]
[Result "0-1"]
[WhiteElo "1773"]
[BlackElo "2029"]
[PlyCount "84"]
[EventDate "2015.??.??"]
[WhiteTeam "VfR-SC Koblenz"]
[BlackTeam "TuS Dotzheim"]

1. d4 d6 2. e4 Nf6 3. Nc3 e5 4. dxe5 dxe5 5. Qxd8+ Kxd8 6. Bg5 Be6 7. O-O-O+
Nbd7 8. Nf3 Bd6 9. Bb5 Kc8 10. Nd2 c6 11. Bc4 Re8 12. Bxe6 Rxe6 13. Nc4 Bc5 14.
Be3 Kc7 15. Rd2 b5 16. Bxc5 Nxc5 17. b4 Ncxe4 18. Nxe4 Nxe4 19. Re2 Nc3 20. Re3
Nxa2+ 21. Kb2 Nxb4 22. Nxe5 Nd5 23. Ree1 Rae8 24. Nf3 Rxe1 25. Nxe1 Re2 26. Nd3
a5 27. Re1 Rxe1 28. Nxe1 Kd6 29. Nf3 h6 30. g4 Nf4 31. Nd4 g6 32. Nb3 a4 33.
Nd2 Kc5 34. Ne4+ Kd4 35. Nd6 f6 36. Nf7 h5 37. gxh5 Nxh5 38. Nh6 Ke4 39. Ng4
Kf3 40. h3 Kg2 41. c4 Kxh3 42. cxb5 cxb5 0-1

[Event "27.Schlosspark-Open"]
[Site "Wiesbaden-Biebrich"]
[Date "2015.08.30"]
[Round "6.40"]
[White "Mönch, Dietmar"]
[Black "Brechlin, Olaf"]
[Result "1-0"]
[WhiteElo "1798"]
[BlackElo "1988"]
[PlyCount "33"]
[EventDate "2015.??.??"]
[WhiteTeam "vereinslos"]
[BlackTeam "FVS ASP Hoyerswerda"]

1. d4 d5 2. Nf3 c6 3. e3 Nf6 4. Bd3 Bg4 5. Nbd2 Nbd7 6. h3 Bh5 7. g4 Bg6 8.
Bxg6 hxg6 9. Ne5 e6 10. Qf3 Nxe5 11. dxe5 Nd7 12. Qf4 Bc5 13. Nf3 Qc7 14. Bd2
O-O-O 15. Bc3 Nb6 16. a4 Qe7 17. b4 1-0

[Event "27.Schlosspark-Open"]
[Site "Wiesbaden-Biebrich"]
[Date "2015.08.30"]
[Round "6.41"]
[White "Steimbach, Isabel"]
[Black "Englert, Fred"]
[Result "1-0"]
[WhiteElo "1984"]
[BlackElo "1794"]
[PlyCount "39"]
[EventDate "2015.??.??"]
[WhiteTeam "OSG Baden-Baden"]
[BlackTeam "SK Klingenberg"]

1. e4 c6 2. d4 d5 3. exd5 cxd5 4. Bd3 g6 5. Bf4 Bg7 6. c3 Nc6 7. Nf3 Nf6 8. O-O
O-O 9. Re1 Bg4 10. Nbd2 Re8 11. h3 Bxf3 12. Nxf3 Rc8 13. Ne5 Qb6 14. Qe2 a6 15.
Rab1 e6 16. g4 Nxe5 17. dxe5 Nd7 18. Be3 Qa5 19. f4 Nc5 20. b4 1-0

[Event "27.Schlosspark-Open"]
[Site "Wiesbaden-Biebrich"]
[Date "2015.08.30"]
[Round "6.42"]
[White "Färber, David"]
[Black "Rapp, Matthias"]
[Result "1-0"]
[WhiteElo "1957"]
[BlackElo "1792"]
[PlyCount "137"]
[EventDate "2015.??.??"]
[WhiteTeam "SV Walldorf"]
[BlackTeam "TSV Schott Mainz"]

1. e4 c5 2. Nf3 Nc6 3. Bb5 a6 4. Bxc6 dxc6 5. O-O Bg4 6. d3 e6 7. h3 Bh5 8.
Nbd2 Nf6 9. Re1 Be7 10. Nf1 h6 11. Ng3 Bg6 12. a4 O-O 13. a5 Qc7 14. Qe2 Nh5
15. Nxh5 Bxh5 16. Qe3 e5 17. b3 Qd6 18. Bb2 Bf6 19. Ba3 Be7 20. Bb2 Bf6 21. Ra4
Qc7 22. Ba3 Be7 23. g4 Bg6 24. Bxc5 Rad8 25. Bb6 Qb8 26. Bxd8 Bxd8 27. Kg2 f6
28. Nh4 Be8 29. Nf5 Bd7 30. f3 Kh7 31. Qc5 Re8 32. Qd6 Qc8 33. Raa1 Bxf5 34.
gxf5 Be7 35. Qe6 Qxe6 36. fxe6 Bb4 37. Red1 Rxe6 38. Ra4 Bc3 39. b4 Rd6 40. Rb1
Bd2 41. Rb3 Be3 42. Kf1 Kg6 43. c4 Rd4 44. Ra2 Kh5 45. Ke2 Bf4 46. b5 cxb5 47.
cxb5 Rd7 48. bxa6 bxa6 49. Rb6 Ra7 50. Rab2 Rc7 51. Rxa6 Rc1 52. Ra7 Rh1 53.
Rb8 Rh2+ 54. Kf1 g6 55. a6 Kh4 56. Rg7 Bg5 57. a7 Kg3 58. a8=Q Kxf3 59. Qa7 Rd2
60. Rb1 Be3 61. Qxe3+ Kxe3 62. Rxg6 Rh2 63. Kg1 Rxh3 64. Rxf6 h5 65. Kg2 Rh4
66. Rf3+ Kd4 67. Rb4+ Kc5 68. Rc4+ Kd6 69. Rg3 1-0

[Event "27.Schlosspark-Open"]
[Site "Wiesbaden-Biebrich"]
[Date "2015.08.30"]
[Round "6.43"]
[White "Schellen, Sven"]
[Black "Francke, Helmut"]
[Result "1/2-1/2"]
[WhiteElo "1796"]
[BlackElo "1961"]
[PlyCount "100"]
[EventDate "2015.??.??"]
[WhiteTeam "SF Frankfurt"]
[BlackTeam "SC Bad Nauheim"]

1. d4 Nf6 2. c4 e6 3. Nf3 b6 4. g3 Bb7 5. Bg2 Be7 6. O-O O-O 7. Nc3 Ne4 8. Qc2
Nxc3 9. Qxc3 f5 10. Rd1 Bf6 11. Bf4 a5 12. Qd2 Na6 13. Rac1 d6 14. Bg5 h6 15.
Bxf6 Qxf6 16. Qc3 Rfe8 17. Qb3 Kh7 18. c5 Bd5 19. Qb5 dxc5 20. dxc5 Nxc5 21. b3
Rab8 22. Nd4 Bxg2 23. Kxg2 e5 24. Nc6 Rbc8 25. Nxa5 Ra8 26. Nc4 Qe7 27. a4 Rab8
28. Ne3 Qe6 29. Qb4 Red8 30. Nc4 Na6 31. Qc3 e4 32. Qe5 Nc5 33. Rxd8 Qxe5 34.
Nxe5 Rxd8 35. a5 Nxb3 36. Rxc7 bxa5 37. Ra7 Rd5 38. Nd7 Rb5 39. Nf8+ Kg8 40.
Ne6 g5 41. h4 Re5 42. Ra8+ Kh7 43. Nf8+ Kg7 44. Nd7 Re7 45. Nb6 Rc7 46. Nd5 Rb7
47. Nc3 Kf7 48. hxg5 hxg5 49. g4 Rc7 50. Nb5 Rd7 1/2-1/2

[Event "27.Schlosspark-Open"]
[Site "Wiesbaden-Biebrich"]
[Date "2015.08.30"]
[Round "6.44"]
[White "Krüger, Stefan"]
[Black "Muckle, Richard"]
[Result "1-0"]
[WhiteElo "1951"]
[BlackElo "1719"]
[PlyCount "65"]
[EventDate "2015.??.??"]
[WhiteTeam "SF Leherheide"]
[BlackTeam "SK Ludwigshafen"]

1. d4 d5 2. c4 e6 3. Nc3 Nf6 4. cxd5 exd5 5. Bg5 Be7 6. e3 O-O 7. Qc2 Nc6 8. a3
Qd7 9. Nf3 Re8 10. Bd3 h6 11. Bf4 Bd6 12. Bg3 Qd8 13. O-O-O Ng4 14. Bxd6 Qxd6
15. h3 Nf6 16. g4 a6 17. Rdg1 b5 18. g5 hxg5 19. Bf5 b4 20. axb4 Nxb4 21. Qb1
c5 22. Rxg5 Bxf5 23. Qxf5 Ne4 24. Nxe4 dxe4 25. Rhg1 Nd3+ 26. Kb1 Qe6 27. Rxg7+
Kf8 28. Qg5 f6 29. Qh6 Qf7 30. Rxf7+ Kxf7 31. Qh7+ Ke6 32. Qxe4+ Kd6 33. Qxd3
1-0

[Event "27.Schlosspark-Open"]
[Site "Wiesbaden-Biebrich"]
[Date "2015.08.30"]
[Round "6.45"]
[White "Schöber, Sebastian"]
[Black "Arns, Alexander"]
[Result "0-1"]
[WhiteElo "1943"]
[BlackElo "1767"]
[PlyCount "86"]
[EventDate "2015.??.??"]
[WhiteTeam "SC Diez"]
[BlackTeam "SF HN-Biberach"]

1. e4 c5 2. c3 d6 3. d4 cxd4 4. cxd4 Nf6 5. Nc3 g6 6. Nf3 a6 7. Be2 Bg7 8. O-O
O-O 9. h3 b5 10. e5 Ne8 11. Be3 Nc6 12. Nd5 h6 13. Qc2 Bb7 14. e6 f5 15. Nf4 g5
16. Nh5 Nb4 17. Qb3 Nd5 18. Nxg7 Nxg7 19. a4 Nxe6 20. axb5 axb5 21. Qxb5 Rb8
22. Bc4 Nec7 23. Qb3 Kh8 24. Qd1 Nxe3 25. fxe3 Bxf3 26. Qxf3 Rxb2 27. Qh5 Kh7
28. Bd3 e6 29. Rfc1 Rb7 30. Qf3 Nd5 31. g4 Rb3 32. Ra7+ Kh8 33. e4 Nf4 34. Rcc7
Qf6 35. Rh7+ Kg8 36. exf5 Rxd3 37. Rag7+ Qxg7 38. Rxg7+ Kxg7 39. Qb7+ Rf7 40.
Qe4 exf5 41. gxf5 Rc7 42. Qe8 Rc1+ 43. Kf2 Rc2+ 0-1

[Event "27.Schlosspark-Open"]
[Site "Wiesbaden-Biebrich"]
[Date "2015.08.30"]
[Round "6.46"]
[White "Zimmer, Gerald"]
[Black "Bajorski, Marius"]
[Result "1/2-1/2"]
[WhiteElo "1934"]
[BlackElo "1764"]
[PlyCount "66"]
[EventDate "2015.??.??"]
[WhiteTeam "SC Bergen-Enkheim"]
[BlackTeam "SV Hofheim"]

1. d4 d5 2. c4 e6 3. Nc3 Nf6 4. Bg5 Be7 5. cxd5 Nxd5 6. Bxe7 Qxe7 7. Rc1 c6 8.
Nf3 O-O 9. e3 Rd8 10. Qb3 Nd7 11. Bd3 h6 12. O-O N5f6 13. Rfd1 b6 14. Ne5 Nxe5
15. dxe5 Ng4 16. h3 Nxe5 17. Be4 Bb7 18. f4 Nd7 19. Bf3 Nf6 20. Ne2 Rxd1+ 21.
Rxd1 c5 22. Bxb7 Qxb7 23. Qd3 Qd5 24. Nc3 Qxd3 25. Rxd3 Kf8 26. Kf2 Ke7 27. Ke2
Ne8 28. a4 Rd8 29. Rxd8 Kxd8 30. Kd3 Nd6 31. e4 a6 32. e5 Nf5 33. Ne4 Kd7
1/2-1/2

[Event "27.Schlosspark-Open"]
[Site "Wiesbaden-Biebrich"]
[Date "2015.08.30"]
[Round "6.47"]
[White "Roß, Norbert"]
[Black "Rochau, Normen"]
[Result "1/2-1/2"]
[WhiteElo "1772"]
[BlackElo "1917"]
[PlyCount "91"]
[EventDate "2015.??.??"]
[WhiteTeam "SV Oberursel"]
[BlackTeam "Karlsruher SF"]

1. d4 Nf6 2. c4 g6 3. Nc3 d5 4. Nf3 Bg7 5. Qb3 dxc4 6. Qxc4 O-O 7. e4 a6 8. Qb3
b5 9. e5 Be6 10. Qa3 Nd5 11. Bxb5 Nb6 12. Be2 h6 13. Be3 Nc4 14. Bxc4 Bxc4 15.
Qb4 Be6 16. O-O a5 17. Qa3 Nc6 18. Rac1 Nb4 19. b3 Bg4 20. Nd2 f5 21. f3 Bh5
22. Nc4 f4 23. Bf2 g5 24. Ne4 Bg6 25. Nc5 Qd5 26. Qb2 h5 27. a3 Nd3 28. Nxd3
Bxd3 29. Rfe1 Bg6 30. Nd2 c6 31. Rc5 Qd7 32. Qc3 a4 33. b4 Be8 34. Ne4 Qf5 35.
Qc2 Kh8 36. e6 Qxe6 37. Nxg5 Qh6 38. Ne4 h4 39. d5 cxd5 40. Rxd5 h3 41. Ng5
hxg2 42. Qe4 e5 43. h4 Ra6 44. Rd8 Qh5 45. Rc1 Rh6 46. Kxg2 1/2-1/2

[Event "27.Schlosspark-Open"]
[Site "Wiesbaden-Biebrich"]
[Date "2015.08.30"]
[Round "6.48"]
[White "Meding, Olaf"]
[Black "Modric, Vladimir"]
[Result "0-1"]
[WhiteElo "1764"]
[BlackElo "1911"]
[PlyCount "103"]
[EventDate "2015.??.??"]
[WhiteTeam "SF Mainz"]
[BlackTeam "SC Nied"]

1. d4 e6 2. Bf4 f5 3. Nf3 Nf6 4. e3 Be7 5. Bd3 d5 6. Nbd2 O-O 7. h3 c5 8. c3
Nc6 9. Ne5 Nxe5 10. dxe5 Ne4 11. O-O Bd7 12. Qe2 Qb6 13. Nf3 a6 14. Rfd1 Bb5
15. Ne1 Bxd3 16. Nxd3 c4 17. Ne1 Bh4 18. g3 Be7 19. h4 Kh8 20. f3 Nc5 21. Kh1
h6 22. h5 a5 23. Rab1 Qc7 24. Nc2 b5 25. Nd4 Qb6 26. g4 fxg4 27. Qc2 Nd3 28.
Rxd3 cxd3 29. Qxd3 Rxf4 30. exf4 Bc5 31. fxg4 Bxd4 32. cxd4 Rc8 33. f5 Qd8 34.
f6 gxf6 35. Qg6 fxe5 36. Qxh6+ Kg8 37. Qxe6+ Kh7 38. Qg6+ Kh8 39. g5 Qd7 40.
Qf6+ Kg8 41. Qf3 Rf8 42. Qg2 Rf4 43. Qg3 Qf5 44. Rg1 Qe4+ 45. Rg2 Rh4+ 46. Kg1
Qb1+ 47. Kf2 Rf4+ 48. Ke2 Qxb2+ 49. Ke1 Qc1+ 50. Ke2 Qf1+ 51. Kd2 Rxd4+ 52. Ke3
0-1

[Event "27.Schlosspark-Open"]
[Site "Wiesbaden-Biebrich"]
[Date "2015.08.30"]
[Round "6.49"]
[White "Schmitt, Clemens"]
[Black "Schneider, Lutz"]
[Result "0-1"]
[WhiteElo "1895"]
[BlackElo "1747"]
[PlyCount "74"]
[EventDate "2015.??.??"]
[WhiteTeam "SV Bergwinkel"]
[BlackTeam "Vorw.Orient Mainz"]

1. c4 Nf6 2. g3 e6 3. Bg2 c6 4. Nf3 d5 5. O-O Be7 6. b3 O-O 7. Bb2 Nbd7 8. d3
Ng4 9. h3 Nh6 10. cxd5 Bf6 11. d4 exd5 12. g4 Kh8 13. Bc1 Ng8 14. Bf4 Re8 15.
g5 Be7 16. Nc3 f6 17. h4 Nf8 18. Qd2 Bg4 19. Nh2 Bf5 20. Be3 fxg5 21. hxg5 Ng6
22. Bf3 Bh3 23. Bh5 Bxf1 24. Bxg6 hxg6 25. Rxf1 Qd7 26. Kg2 Bd6 27. Rh1 Ne7 28.
Bf4 Nf5 29. Nf3+ Kg8 30. Bxd6 Nxd6 31. Qf4 Ne4 32. Qh2 Nxc3 33. Qh8+ Kf7 34.
Ne5+ Rxe5 35. Qxa8 Rxg5+ 36. Kf1 Rh5 37. Rg1 Ne4 0-1

[Event "27.Schlosspark-Open"]
[Site "Wiesbaden-Biebrich"]
[Date "2015.08.30"]
[Round "6.50"]
[White "Fröhlich-Dill, Astrid"]
[Black "Bratmann, Marc"]
[Result "0-1"]
[WhiteElo "1890"]
[BlackElo "1726"]
[PlyCount "83"]
[EventDate "2015.??.??"]
[WhiteTeam "SV Hofheim"]
[BlackTeam "TuS Dotzheim"]

1. d4 d5 2. Nf3 Nf6 3. Bf4 c5 4. c3 Qb6 5. Qc2 Nc6 6. e3 e6 7. Nbd2 Be7 8. Be2
Bd7 9. O-O Nh5 10. Bg5 Bxg5 11. Nxg5 Nf6 12. Nb3 cxd4 13. exd4 h6 14. Nf3 O-O
15. Nc5 Qc7 16. Nxd7 Nxd7 17. Qd2 Rac8 18. Rac1 Nf6 19. Bd3 Ne4 20. Qe2 f5 21.
Ne5 Nxe5 22. dxe5 Qb6 23. Kh1 Rc7 24. f3 Nc5 25. Bc2 Qxb2 26. Bd3 Qxe2 27. Bxe2
Rfc8 28. f4 Ne4 29. c4 dxc4 30. g4 g6 31. gxf5 gxf5 32. Rg1+ Kh7 33. Bh5 Rg8
34. Rxg8 Kxg8 35. Kg2 b5 36. Bf3 Nd2 37. Bd1 b4 38. Kf2 a5 39. Ke2 c3 40. Ba4
Rc4 41. Re1 Rxf4 42. Kd3 0-1

[Event "27.Schlosspark-Open"]
[Site "Wiesbaden-Biebrich"]
[Date "2015.08.30"]
[Round "6.51"]
[White "Kirschner, Philipp"]
[Black "Klebs, Sebastian"]
[Result "1-0"]
[WhiteElo "1646"]
[BlackElo "1890"]
[PlyCount "43"]
[EventDate "2015.??.??"]
[WhiteTeam "Sfr. Kelkheim"]
[BlackTeam "Karlsruher SF"]

1. d4 d5 2. Nf3 e6 3. c4 c6 4. Nc3 dxc4 5. a4 Bb4 6. e4 b5 7. axb5 cxb5 8. Bg5
Qd7 9. d5 f6 10. Bf4 Ne7 11. dxe6 Qxe6 12. Bxb8 Rxb8 13. Rxa7 Bb7 14. Be2 O-O
15. O-O Bxc3 16. bxc3 Rfd8 17. Rxb7 Rxd1 18. Rxb8+ Kf7 19. Rxd1 Qxe4 20. Nd4
Nf5 21. Bf3 Qe5 22. Rxb5 1-0

[Event "27.Schlosspark-Open"]
[Site "Wiesbaden-Biebrich"]
[Date "2015.08.30"]
[Round "6.52"]
[White "Gutacker, Stephan"]
[Black "Büse, Ralf"]
[Result "1-0"]
[WhiteElo "1887"]
[BlackElo "1723"]
[PlyCount "85"]
[EventDate "2015.??.??"]
[WhiteTeam "Sfr. Kelkheim"]
[BlackTeam "SC Groß-Zimmern"]

1. e4 e6 2. d4 d5 3. Bd3 Nf6 4. e5 Nfd7 5. Nf3 c5 6. c3 Nc6 7. O-O Qb6 8. Bc2
Be7 9. Re1 cxd4 10. cxd4 f6 11. exf6 Nxf6 12. Nc3 O-O 13. a3 a5 14. Qd3 Qa6 15.
Qxa6 Rxa6 16. Bd3 Ra8 17. Nb5 Ne8 18. Ng5 Bxg5 19. Bxg5 Bd7 20. g3 Nf6 21. Bf4
Rae8 22. Kg2 Ng4 23. Nc7 e5 24. dxe5 Ncxe5 25. Be2 Rc8 26. Bxg4 Nxg4 27. f3 Nf6
28. Rad1 Ba4 29. Rd3 Rf7 30. Nxd5 Rc2+ 31. Bd2 Nxd5 32. Rxd5 Bc6 33. Rd8+ Rf8
34. Rxf8+ Kxf8 35. Re2 Rxb2 36. Bb4+ axb4 37. Rxb2 bxa3 38. Ra2 Ke7 39. Rxa3
Kd6 40. Kf2 b5 41. Ra7 Bd7 42. Ke3 b4 43. Rb7 1-0

[Event "27.Schlosspark-Open"]
[Site "Wiesbaden-Biebrich"]
[Date "2015.08.30"]
[Round "6.53"]
[White "Bühler, Severin"]
[Black "Lang, Micha"]
[Result "0-1"]
[WhiteElo "1622"]
[BlackElo "1885"]
[PlyCount "40"]
[EventDate "2015.??.??"]
[WhiteTeam "SK Schwäbisch Hall"]
[BlackTeam "SC Weiterstadt"]

1. e4 Nf6 2. e5 Nd5 3. d4 d6 4. Nf3 dxe5 5. Nxe5 c6 6. Bc4 Nd7 7. Nxd7 Bxd7 8.
O-O Bf5 9. a4 e6 10. Nd2 Bd6 11. Nf3 h6 12. Bb3 O-O 13. c4 Nb4 14. Bd2 Nd3 15.
Bc3 Nf4 16. Ne5 Bxe5 17. dxe5 Qg5 18. Qf3 Rad8 19. Rfd1 Bg4 20. Qg3 Ne2+ 0-1